Rozvojové ciele milénia (MDGs)

Guardado en:
Detalles Bibliográficos
Autor principal: Sedlačko, Michal
Formato: Capítulo de libro
Lenguaje:eslovaco
Etiquetas: Agregar Etiqueta
Sin Etiquetas, Sea el primero en etiquetar este registro!

MARC

LEADER 00000nla$a2200000$$$4500
001 0062985
005 20240502071722.9
041 0 |a slo 
044 |a SK 
245 1 0 |a Rozvojové ciele milénia (MDGs)  |c Michal Sedlačko 
100 1 |a Sedlačko, Michal